000
00292nam a2200121Ia 4500
008
190216s9999||||xx |||||||||||||| ||und||
100
_a
Rajeswari Shandhilya
245
0
_a
Hindi-Bharathiya Vrat Avem Tyonhar
260
_b
Sharadha Prakashan
300
_a
191
650
_a
Hindi
942
_c
BK
999
_c
16592
_d
16592